00730nam a2200217Ia 450000500170000000800410001702000220005804100080008008200150008810000200010324500560012326000320017930000090021150000290022065000360024970000200028590600090030594200070031499900170032195201740033820251122102708.0230125s9999 xx 000 0 und d a978-81-309-1503-6 aeng a158.1bLOM aLomas B9215472 aSucessful PresentationsbGet Brilliant Results Fast c2010bViva BooksaNew Delhi a196p aPersonality Development  aPersonality Development9213420 aLomas B9215472 b62.5 cBK c93991d93991 00104070aHIMRbHIMRd2016-03-03ePritam Book Centreg250.00i9822l2o158.1 LOM B14047pHIMR-BK-14047r2024-01-16 00:00:00s2024-01-10v187.50w2016-03-03yBKzB14047